000 00436nam a2200181Ia 4500
001 17146
005 20260306170403.0
008 260306t2017||||xx |||||||||||||| ||und||
041 _aESP
082 _a657.48
_bA64
100 _aApaza Meza, Mario
_eAUT
245 0 _aContabilidad de instrumentos financieros
260 _c2017
300 _a728 páginas :
_c25 cm.
650 _aGEN
654 _aCCO
942 _cLIB
_dJUS
_fJUS
_2ddc
_n
999 _c17146
_d17146